<?xml version="1.0" encoding="UTF-8"?>
<record
    xmlns:xsi="http://www.w3.org/2001/XMLSchema-instance"
    xsi:schemaLocation="http://www.loc.gov/MARC21/slim http://www.loc.gov/standards/marcxml/schema/MARC21slim.xsd"
    xmlns="http://www.loc.gov/MARC21/slim">

  <leader>00380nam a2200145Ia 4500</leader>
  <controlfield tag="008">230718s9999    xx            000 0 und d</controlfield>
  <datafield tag="041" ind1=" " ind2=" ">
    <subfield code="a">eng</subfield>
  </datafield>
  <datafield tag="082" ind1=" " ind2=" ">
    <subfield code="a">620.112</subfield>
    <subfield code="b">RAT</subfield>
  </datafield>
  <datafield tag="100" ind1=" " ind2=" ">
    <subfield code="a">Rattan S.S.</subfield>
    <subfield code="9">162845</subfield>
  </datafield>
  <datafield tag="245" ind1=" " ind2=" ">
    <subfield code="a">Strength Of Materials</subfield>
  </datafield>
  <datafield tag="260" ind1=" " ind2=" ">
    <subfield code="b">Tata Mc-graw Hill Pub.</subfield>
  </datafield>
  <datafield tag="365" ind1=" " ind2=" ">
    <subfield code="c">Rs.</subfield>
    <subfield code="b">275.00</subfield>
  </datafield>
  <datafield tag="700" ind1=" " ind2=" ">
    <subfield code="a">Rattan S.S.</subfield>
    <subfield code="9">162845</subfield>
  </datafield>
  <datafield tag="906" ind1=" " ind2=" ">
    <subfield code="d">B:467603-Jun-2008</subfield>
    <subfield code="c">MECH</subfield>
    <subfield code="b">55</subfield>
  </datafield>
  <datafield tag="999" ind1=" " ind2=" ">
    <subfield code="c">318858</subfield>
    <subfield code="d">318858</subfield>
  </datafield>
  <datafield tag="952" ind1=" " ind2=" ">
    <subfield code="0">0</subfield>
    <subfield code="1">0</subfield>
    <subfield code="4">0</subfield>
    <subfield code="7">0</subfield>
    <subfield code="a">CCEP</subfield>
    <subfield code="b">CCEP</subfield>
    <subfield code="d">2008-06-26</subfield>
    <subfield code="e">Tbs</subfield>
    <subfield code="f">MECH</subfield>
    <subfield code="g">220.00</subfield>
    <subfield code="i">4676</subfield>
    <subfield code="l">17</subfield>
    <subfield code="o">620.112</subfield>
    <subfield code="p">CCEP-BK-30065</subfield>
    <subfield code="r">2025-12-15 14:11:26</subfield>
    <subfield code="s">2025-11-11</subfield>
    <subfield code="t">55</subfield>
    <subfield code="v">275.00</subfield>
    <subfield code="w">2008-06-03</subfield>
    <subfield code="y">BK</subfield>
    <subfield code="z">030065</subfield>
  </datafield>
</record>
